Government Agency Abbreviations and Acronyms - Statistics

General Stats
  • This quiz has been taken 18 times
  • The average score is 5 of 21
Answer Stats
Hint Answer % Correct
FBI Federal Bureau of Investigation
92%
CIA Central Intelligence Agency
77%
NASA National Aeronautics and Space Administration
46%
FDA Food and Drug Administration
38%
DEA Drug Enforcement Administration
31%
FAA Federal Aviation Administration
31%
FEMA Federal Emergency Management Agency
31%
NSA National Security Agency
31%
ICE Immigration and Customs Enforcement
23%
OSHA Occupational Safety and Health Administration
23%
TSA Transportation Security Administration
23%
CDC Centers for Disease Control and Prevention
15%
PO Post Office
15%
SSA Social Security Administration
15%
CPS Child Protective Services
8%
A Bureau of Administration
0%
IRA Internal Revenue Service
0%
LOC Library of Congress
0%
FSA Office of Federal Student Aid
0%
SSS Selective Service System
0%
CBP United States Customs and Border Protection
0%
No matching quizzes found
Score Distribution
Percent of People with Each Score
Percentile by Number Answered
Your Score History
You have not taken this quiz